| 000 | 00584nam a2200181Ia 4500 | ||
|---|---|---|---|
| 008 | 100921s9999 xx 000 0 und d | ||
| 082 |
_b14107 _a040 ढ 96 |
||
| 100 | _aचिपळूणकर विष्णुशास्त्री. | ||
| 245 | _aलेखसंग्रह. | ||
| 260 |
_b--- _c1896 |
||
| 300 |
_a238 _b--- |
||
| 365 | _b1 | ||
| 520 | _aसंकीर्ण-लेख,निबंध. | ||
| 630 | _aलेखसंग्रह. | ||
| 650 | _aसंकीर्ण-लेख,निबंध. | ||
| 730 | _aलेखसंग्रह. | ||
| 942 | _cBOOK | ||
| 999 |
_c763220 _d763217 |
||